000 00394nam a2200133Ia 4500
008 191206s9999 xx 000 0 und d
020 _a094618318X :
090 _aHM51.566348
245 0 _a"Sociology, new directions"
260 _aCauseway Books
260 _ccc1985
300 _a675 p. : ill. ; 22 cm.
999 _c16922
_d16922